ბათუმის შოთა რუსთაველის სახელმწიფო უნივერსიტეტის ბიბლიოთეკა

Конституционное право : (ბიბ.ჩანაწერი № 36066)

000 -LEADER
fixed length control field 00716nam a2200217Ia 4500
001 - CONTROL NUMBER
control field 1966
003 - CONTROL NUMBER IDENTIFIER
control field GE_BSU
005 - DATE AND TIME OF LATEST TRANSACTION
control field 20221006150923.0
008 - FIXED-LENGTH DATA ELEMENTS--GENERAL INFORMATION
fixed length control field 181216s1999ru xx |||||||||||||| ||rus||
020 ## - INTERNATIONAL STANDARD BOOK NUMBER
International Standard Book Number 579750259
040 ## - CATALOGING SOURCE
Transcribing agency GE_BSU
041 ## - LANGUAGE CODE
Language code of text/sound track or separate title rus
080 ## - UNIVERSAL DECIMAL CLASSIFICATION NUMBER
Universal Decimal Classification number 342.4(075.8) К-64
245 ## - TITLE STATEMENT
Title Конституционное право :
Remainder of title Учебник /
Statement of responsibility, etc. Отв.ред.В.В.Лазарев.
264 ## - PRODUCTION, PUBLICATION, DISTRIBUTION, MANUFACTURE, AND COPYRIGHT NOTICE
Place of production, publication, distribution, manufacture Москва :
Name of producer, publisher, distributor, manufacturer Юристь,
Date of production, publication, distribution, manufacture, or copyright notice 1999.
300 ## - PHYSICAL DESCRIPTION
Extent 592 стр.:
653 ## - INDEX TERM--UNCONTROLLED
keyword Конституционное право
653 ## - INDEX TERM--UNCONTROLLED
keyword კონსტიტუციური სამართალი
700 ## - ADDED ENTRY--PERSONAL NAME
Personal name Лазарев, В.В.
Relator term რედაქტორი
9 (RLIN) 15116
942 ## - ADDED ENTRY ELEMENTS (KOHA)
Koha item type წიგნი
Source of classification or shelving scheme
ეგზემპლარები
Withdrawn status Lost status Source of classification or shelving scheme Damaged status Not for loan Permanent Location Current Location Shelving location Date acquired Cost, normal purchase price Full call number Barcode Date last seen Copy number Price effective from Koha item type Public note
          ბათუმის შოთა რუსთაველის სახელმწიფო უნივერსიტეტის მთავარი ბიბლიოთეკა ბათუმის შოთა რუსთაველის სახელმწიფო უნივერსიტეტის მთავარი ბიბლიოთეკა წიგნსაცავი 2018-12-17 20.00 342.4(075.8) К-64 3873 2018-12-17 3873 2018-12-17 წიგნი 20.00